000 00363nam a2200133Ia 4500
008 210210b1993 xxu||||| |||| 00| 0 eng d
082 _a320.8 BHAP
100 _aBHAT (G N) and JOSHI (G V).
245 _aPanchayat raj system in act and action.
260 _aMangalore
_bDr.G N Bhat,
_c1993
300 _axiii,122
690 _aModern Governments
906 _a048148
999 _c97282
_d97282